000
00257nam a2200097Ia 4500
008
120527s9999 xx 000 0 und d
100
_a
OSUN STATE OF NIG.
245
_a
Approved estimates including budget speches
260
_b
Bureau of Computer
942
_c
BK
999
_c
25275
_d
25275